| 000 | 00493nam a2200181Ia 4500 | ||
|---|---|---|---|
| 003 | OSt | ||
| 005 | 20220622142522.0 | ||
| 008 | 220614s9999||||xx |||||||||||||| ||und|| | ||
| 020 | _a9781119617570 | ||
| 040 | _c | ||
| 100 | _aRaad | ||
| 245 | 0 | _aFundamentals of IoT and Wearable Technology Design | |
| 250 | _a1st Edition | ||
| 260 | _bWiley | ||
| 650 | _aElectrical & Electronics Engineering | ||
| 856 | _uhttps://onlinelibrary.wiley.com/doi/book/10.1002/9781119617570 | ||
| 942 |
_cEB _2ddc |
||
| 999 |
_c7386 _d7386 |
||